Statistics for EURO 2016 - National teams' coaches

Click here to take the quiz!

General Stats

  • This quiz has been taken 25 times
  • The average score is 13 of 24

Answer Stats

National teamAnswer% Correct
GermanyJoachim Löw
96%
SpainVicente del Bosque
96%
ItalyAntonio Conte
92%
FranceDidier Deschamps
92%
EnglandRoy Hodgson
83%
BelgiumMarc Wilmots
75%
PortugalFernando Santos
71%
WalesChris Coleman
63%
Republic of IrelandMartin O'Neill
63%
Northern IrelandMichael O'Neill
63%
TurkeyFatih Terim
58%
PolandAdam Nawalka
54%
RussiaLeonid Slutsky
54%
SwitzerlandVladimir Petković
54%
IcelandHeimir Hallgrimsson and Lars Lagerback
50%
AlbaniaGianni de Biasi
42%
RomaniaAnghel Iordanescu
38%
AustriaMarcel Koller
33%
UkraineMikhail Fomenko
33%
Czech RepublicPavel Vrba
33%
CroatiaAnte Čačić
29%
SwedenErik Hamren
29%
HungaryBernd Storck
17%
SlovakiaJan Kozak
17%

Score Distribution

Percentile by Number Answered

Percent of People with Each Score

Your Score History

You have not taken this quiz